000
00244nam a2200097Ia 4500
001
851697
005
20250826174500.0
008
250824s9999 xx 000 0 und d
245
0
_a
ZİNDANDAN KAÇIŞ
_c
JACK SAILOR
260
_b
GENÇ HAYAT YAYINLARI
999
_c
851697
_d
851697